Datum a čas kvízu
29
Celkem bodů
Celkový počet nahraných bodů na tomto kvízu bez doplňovacích otázek.
5.
Pořadí na kvízu
Konečné umístění týmu na tomto kvízu.
Zaznamenané odpovědi
| # | Otázka | Odpověď | Body | Výsledky |
|---|---|---|---|---|
| 1. | Liberecká pizzerie Pizzaman př... | (dubajská) čokoláda | 1 | |
| 2. | Minulý týden jsme se dozvěděli... | pilot si zapomněl cestovní pas | 1 | |
| 3. | 43letý šéfkuchař ukončil na vl... | Radek Kašpárek, Jan Punčochář | 1 | |
| 4. | Jedna evropská metropole pokra... | Paříž | 0 | |
| 5. | Letošní sezóna Formule 1 má za... | Red Bull | 1 | |
| 6. | Grónsko má v dánském parlament... | Faerským ostrovům | 1 | |
| 7. | Pokud byste chtěli okusit jedn... | A | 1 | |
| 8. | Že je Grónsko největším ostrov... | C | 1 | |
| 9. | Které tvrzení o Grónsku je pra... | D | 1 | |
| 10. | Pod kterým písmenem je snímek... | D | 1 |